Modern political thought : (Record no. 729)

MARC details
000 -LEADER
fixed length control field 00517cam a2200193ua 4500
001 - CONTROL NUMBER
control field 803
005 - DATE AND TIME OF LATEST TRANSACTION
control field 20260515113228.0
008 - FIXED-LENGTH DATA ELEMENTS--GENERAL INFORMATION
fixed length control field 110420n ii |||gr||||Z||||||eng
040 ## - CATALOGING SOURCE
Transcribing agency MAIN
082 ## - DEWEY DECIMAL CLASSIFICATION NUMBER
Classification number 320.513
245 1# - TITLE STATEMENT
Title Modern political thought :
Remainder of title The great issues /
Statement of responsibility, etc. by William Ebenstein
250 ## - EDITION STATEMENT
Edition statement 2nd.
260 ## - PUBLICATION, DISTRIBUTION, ETC.
Place of publication, distribution, etc. New Delhi:
Name of publisher, distributor, etc. Oxford & IBH,954.
300 ## - PHYSICAL DESCRIPTION
Extent 875p.:
Dimensions 40cm.
653 ## - INDEX TERM--UNCONTROLLED
Uncontrolled term Political science
653 ## - INDEX TERM--UNCONTROLLED
Uncontrolled term Modern political thought
700 ## - ADDED ENTRY--PERSONAL NAME
Personal name Ebenstein, William.,
Relator term Author.
942 ## - ADDED ENTRY ELEMENTS (KOHA)
Koha item type Books
Holdings
Withdrawn status Lost status Damaged status Not for loan Home library Current library Shelving location Date acquired Total checkouts Full call number Barcode Date last seen Copy number Price effective from Koha item type
        Naharkatiya College Library Naharkatiya College Library General stacks 09/19/2020   320.513 | EBE 233 09/19/2020 1 09/19/2020 Books